000 00617nam a22001937a 4500
003 OSt
005 20251007030859.0
008 251007b |||||||| |||| 00| 0 eng d
020 _a9781138486232
040 _aDWCL-Main lib
_cOC
082 _aCirc. 001.4 C527p 2019
100 _aChevalier, Jacques M.
245 _aParticipatory Action Research/
_cJacques M. Chevalier
260 _aN.Y. :
_b Routledge,
_cc2019
300 _a214 pages :
_b illustration ;
_c 24 cm.
504 _aIncludes Bibliographical References.
650 _a1. Social Science - Research - Methodology.
942 _2ddc
_cBK-CIRC
_kCirc.
_n0
999 _c4674
_d4674